| 000 | 00484ntaaa2200181 4500 | ||
|---|---|---|---|
| 003 | 01 | ||
| 005 | 20251027201947.0 | ||
| 008 | 0714s1973 ag 01 | ||
| 040 |
_aAR-BaBN _bspa _cAR-BaBN _eaacr _dRIC |
||
| 082 | _a248.0000 M88 | ||
| 100 |
_aMudge, James _918166 |
||
| 245 | _aPerfect life in experience and doctrine | ||
| 250 |
_a1 ed. : _bJennings and Graham, _cc/911 |
||
| 300 | _a311 p. | ||
| 650 |
_aVida Cristiana-Santificación _914926 |
||
| 650 | _aSantificación | ||
| 942 | _cBK | ||
| 999 |
_c14341 _d14341 |
||